MARC details
| 000 -LEADER |
| campo de control de longitud fija |
00985nam a22002777a 4500 |
| 001 - NÚMERO DE CONTROL |
| campo de control |
001670 |
| 003 - IDENTIFICADOR DE NÚMERO DE CONTROL |
| campo de control |
CoMeUDC001670 |
| 005 - FECHA Y HORA DE LA ÚLTIMA TRANSACCIÓN |
| campo de control |
20190115233808.0 |
| 008 - DATOS DE LONGITUD FIJA--INFORMACIÓN GENERAL |
| campo de control de longitud fija |
960308s1995 ck r 00010 spa d |
| 015 ## - NÚMERO DE BIBLIOGRAFÍA NACIONAL |
| Número de bibliografía nacional |
ck-1995-xxxx |
| 020 ## - NÚMERO INTERNACIONAL ESTÁNDAR DEL LIBRO |
| Número Internacional Estándar del Libro |
9589113680 |
| 035 ## - NÚMERO DE CONTROL DEL SISTEMA |
| Número de control de sistema |
AFM9049 LA |
| 040 ## - FUENTE DE CATALOGACIÓN |
| Centro catalogador/agencia de origen |
la |
| Centro/agencia transcriptor |
CoMeUDC |
| 041 0# - CÓDIGO DE IDIOMA |
| Código de lengua del texto/banda sonora o título independiente |
spa |
| 043 ## - CÓDIGO DE ÁREA GEOGRÁFICA |
| Código de área geográfica |
s-ck--- |
| 082 04 - NÚMERO DE LA CLASIFICACIÓN DECIMAL DEWEY |
| Número de clasificación |
347.09 |
| Número de ítem |
C172t |
| Información de edición |
20 ed. |
| 245 00 - MENCIÓN DEL TÍTULO |
| Título |
Tribunal de arbitramento : |
| Resto del título |
Abocol y Amocar vs. Aseguradora Grancolombiana, Aseguradora Colseguros y Seguros del Caribe. / |
| 260 ## - PUBLICACIÓN, DISTRIBUCIÓN, ETC. |
| Lugar de publicación, distribución, etc. |
Santa Fe de Bogotá : |
| Nombre del editor, distribuidor, etc. |
Cámara de Comercio de Bogotá, Salazar, Pardo & Jaramillo, Montejo-Hoyos, |
| Fecha de publicación, distribución, etc. |
1995. |
| 300 ## - DESCRIPCIÓN FÍSICA |
| Extensión |
227 p. ; |
| Dimensiones |
24 cm. |
| 440 ## - MENCIÓN DE SERIE/PUNTO DE ACCESO ADICIONAL--TÍTULO |
| Título |
Serie biblioteca Cámara de Comercio de Bogotá ; |
| Designación de volumen o secuencia |
65 |
| 9 (RLIN) |
1103 |
| 650 #6 - PUNTO DE ACCESO ADICIONAL DE MATERIA--TÉRMINO DE MATERIA |
| Término de materia o nombre geográfico como elemento de entrada |
Arbitramento comercial |
| Subdivisión geográfica |
Colombia |
| Subdivisión de forma |
Estudio de casos. |
| 650 #6 - PUNTO DE ACCESO ADICIONAL DE MATERIA--TÉRMINO DE MATERIA |
| Término de materia o nombre geográfico como elemento de entrada |
Alegatos (Derecho) |
| Subdivisión geográfica |
Colombia |
| Subdivisión de forma |
Estudio de casos. |
| 710 ## - ENTRADA AGREGADA--NOMBRE DE ENTIDAD CORPORATIVA |
| Nombre de entidad corporativa o nombre de jurisdicción como elemento de entrada |
Cámara de Comercio de Bogotá. |
| 9 (RLIN) |
1104 |
| 942 ## - ELEMENTOS DE ENTRADA SECUNDARIOS (KOHA) |
| Fuente del sistema de clasificación o colocación |
Clasificación Decimal Dewey |
| Tipo de ítem Koha |
Libros |
| 949 ## - PROCESAMIENTO DE INFORMACIÓN LOCAL (OCLC) |
| a |
c |
| b |
c |